|
|
|
|
| LEADER |
00000ny a22000003n 4500 |
| 005 |
20110620120422.0 |
| 008 |
070327s2007 sp s 000 0 spa d |
| 017 |
|
|
|a D.L. B.12949-2007
|
| 020 |
|
|
|a 8476987668
|
| 035 |
|
|
|a 1983
|
| 040 |
|
|
|a BUS
|d vlex
|
| 040 |
|
|
|a UMA.RE
|d vlex
|
| 080 |
|
|
|a 347.628.4(4-672 U.E.)
|
| 090 |
|
|
|c 1381
|d 1381
|
| 100 |
1 |
|
|a Alonso Přez, Jos ̌Ignacio
|
| 245 |
1 |
3 |
|a El reconocimiento de las uniones no matrimoniales en la Unin̤ Europea
|h [Recurso electrn̤ico]
|b anl̀isis y sipnosis de las leyes autonm̤icas en vigor /
|c Jos ̌Ignacio Alonso Přez
|
| 256 |
|
|
|a Servicio en ln̕ea
|
| 260 |
|
|
|a Barcelona :
|b Bosch ,
|c 2007
|
| 300 |
|
|
|a 219 p. ;
|c 24 cm
|
| 506 |
1 |
|
|a Contenido solo disponible en los productos indicados
|d vLex Global
|d vLex Global (Academic Edition, excluding Law Schools)
|d vLex Global (U.S. Academic Edition, Law Schools)
|d vLex Global (U.S. Academic Edition, excluding Law Schools)
|d vLex Global (Academic Edition, Law Schools)
|
| 650 |
0 |
7 |
|a Uniones de hecho
|2 Tesauro vLex
|
| 650 |
0 |
7 |
|a Familia
|2 Tesauro vLex
|
| 650 |
0 |
7 |
|a Comunitario
|2 Tesauro vLex
|
| 650 |
0 |
7 |
|a Parejas de hecho
|2 Tesauro vLex
|
| 740 |
0 |
|
|a vLex Libros (Servicios en ln̕ea)
|
| 856 |
4 |
0 |
|u http://vlex.com/source/1983
|z Acceso restringido
|
| 942 |
|
|
|c BOOK
|